MARC details
| 000 -LEADER |
| fixed length control field |
01217cam a2200349 i 4500 |
| 001 - CONTROL NUMBER |
| control field |
18279350 |
| 003 - CONTROL NUMBER IDENTIFIER |
| control field |
OSt |
| 005 - DATE AND TIME OF LATEST TRANSACTION |
| control field |
20230507172312.0 |
| 008 - FIXED-LENGTH DATA ELEMENTS--GENERAL INFORMATION |
| fixed length control field |
140825s2009 pl l f000 0 eng |
| 010 ## - LIBRARY OF CONGRESS CONTROL NUMBER |
| LC control number |
2014423674 |
| 020 ## - INTERNATIONAL STANDARD BOOK NUMBER |
| International Standard Book Number |
9788360739013 |
| 040 ## - CATALOGING SOURCE |
| Original cataloging agency |
DLC |
| Language of cataloging |
eng |
| Transcribing agency |
DLC |
| Description conventions |
rda |
| 042 ## - AUTHENTICATION CODE |
| Authentication code |
pcc |
| 043 ## - GEOGRAPHIC AREA CODE |
| Geographic area code |
e-pl--- |
| 050 00 - LIBRARY OF CONGRESS CALL NUMBER |
| Classification number |
KKP2064 |
| Item number |
2009a |
| 110 1# - MAIN ENTRY--CORPORATE NAME |
| Corporate name or jurisdiction name as entry element |
Poland, |
| Relator term |
enacting jurisdiction. |
| 245 10 - TITLE STATEMENT |
| Title |
Polish constitutional law : |
| Remainder of title |
the constitution and selected statutory materials / |
| Statement of responsibility, etc. |
editors: Ewelina Gierach, Piotr Chybalski. |
| 264 #1 - PRODUCTION, PUBLICATION, DISTRIBUTION, MANUFACTURE, AND COPYRIGHT NOTICE |
| Place of production, publication, distribution, manufacture |
Warszawa : |
| Name of producer, publisher, distributor, manufacturer |
Bureau of Research, Sejm Publishing Office, |
| Date of production, publication, distribution, manufacture, or copyright notice |
2009. |
| 300 ## - PHYSICAL DESCRIPTION |
| Extent |
605 pages |
| Dimensions |
24 cm |
| 336 ## - CONTENT TYPE |
| Content type term |
text |
| Content type code |
txt |
| Source |
rdacontent |
| 337 ## - MEDIA TYPE |
| Media type term |
unmediated |
| Media type code |
n |
| Source |
rdamedia |
| 338 ## - CARRIER TYPE |
| Carrier type term |
volume |
| Carrier type code |
nc |
| Source |
rdacarrier |
| 500 ## - GENERAL NOTE |
| General note |
"According to the law in force on 28th January 2009"--T.p. verso. |
| 650 #0 - SUBJECT ADDED ENTRY--TOPICAL TERM |
| Topical term or geographic name as entry element |
Constitutional law |
| Geographic subdivision |
Poland. |
| 650 #0 - SUBJECT ADDED ENTRY--TOPICAL TERM |
| Topical term or geographic name as entry element |
Constitutions |
| Geographic subdivision |
Poland. |
| 700 1# - ADDED ENTRY--PERSONAL NAME |
| Personal name |
Gierach, Ewelina, |
| Relator term |
editor. |
| 700 1# - ADDED ENTRY--PERSONAL NAME |
| Personal name |
Chybalski, Piotr, |
| Relator term |
editor. |
| 710 12 - ADDED ENTRY--CORPORATE NAME |
| Corporate name or jurisdiction name as entry element |
Poland. |
| Title of a work |
Konstytucja (1997) |
| 906 ## - LOCAL DATA ELEMENT F, LDF (RLIN) |
| a |
7 |
| b |
cbc |
| c |
origcop |
| d |
2 |
| e |
ncip |
| f |
20 |
| g |
y-gencatlg |
| 942 ## - ADDED ENTRY ELEMENTS (KOHA) |
| Source of classification or shelving scheme |
Dewey Decimal Classification |
| Koha item type |
Books |